Corruption and corporate governance in India : (Record no. 42608)
[ view plain ]
| 000 -LEADER | |
|---|---|
| fixed length control field | 00915nam a22002297a 4500 |
| 005 - DATE AND TIME OF LATEST TRANSACTION | |
| control field | 20100819155220.0 |
| 010 ## - LCCN (DPL NO) | |
| LC control number | ENG-100972 |
| 020 ## - INTERNATIONAL STANDARD BOOK NUMBER | |
| International Standard Book Number | 9788124114865 |
| Terms of availability | 395.00 |
| 035 ## - SYSTEM CONTROL NUMBER | |
| System control number | EN-84505 |
| 037 ## - SOURCE OF ACQUISITION | |
| Source of stock number/acquisition | DBAD/PUB |
| 082 ## - DEWEY DECIMAL CLASSIFICATION NUMBER | |
| Classification number | 364.1680954 |
| 100 ## - MAIN ENTRY--PERSONAL NAME | |
| Personal name | Swamy, Subramanian |
| 245 ## - TITLE STATEMENT | |
| Title | Corruption and corporate governance in India : |
| Remainder of title | satyam, spectrum and sundaram / |
| Statement of responsibility, etc | by Subramanian Swamy |
| 260 ## - PUBLICATION, DISTRIBUTION, ETC. (IMPRINT) | |
| Place of publication, distribution, etc | New Delhi |
| Name of publisher, distributor, etc | Har-Anand Publications |
| Date of publication, distribution, etc | 2009 |
| 270 ## - ADDRESS | |
| Address | E-49/3, Okhla Industrial Area, Phase-II |
| City | New Delhi |
| Postal code | 110020 |
| 300 ## - PHYSICAL DESCRIPTION | |
| Extent | 180p. |
| Dimensions | 22cm (Hb) |
| 500 ## - GENERAL NOTE | |
| General note | Includes index |
| 650 ## - SUBJECT ADDED ENTRY--TOPICAL TERM | |
| Topical term or geographic name as entry element | Corporate governance |
| 650 ## - SUBJECT ADDED ENTRY--TOPICAL TERM | |
| Topical term or geographic name as entry element | Corporations-Corruption practices |
| Form subdivision | Corruption |
| Geographic subdivision | India |
| 942 ## - ADDED ENTRY ELEMENTS (KOHA) | |
| Source of classification or shelving scheme | Dewey Decimal Classification |
| Item type | English Books |
| Classification part | 364.1680954 |
| Call number suffix | SWA |
| Withdrawn status | Lost status | Not for loan | Collection code | Home library | Current library | Date acquired | Source of acquisition | Cost, normal purchase price | Full call number | Barcode | Copy number | Cost, replacement price | Koha item type |
|---|---|---|---|---|---|---|---|---|---|---|---|---|---|
| Not For Loan | Non-fiction | D.B.Act.Division | D.B.Act.Division | 19/08/2010 | DBAD/PUB | 395.00 | 364.1680954 SWA | EN-84505 | 1 | 395.00 | English Books |
